Conceptos de arte moderno.
Guardat en:
| Autor principal: | |
|---|---|
| Altres autors: | |
| Format: | Llibre |
| Idioma: | espanyol |
| Publicat: |
Madrid, España:
Alianza,
1986.
|
| Edició: | Primera edición. |
| Col·lecció: | Alianza Forma,
|
| Matèries: | |
| Etiquetes: |
Afegir etiqueta
Sense etiquetes, Sigues el primer a etiquetar aquest registre!
|
MARC
| LEADER | 00000nam a2200000 a 4500 | ||
|---|---|---|---|
| 001 | UCO5582 | ||
| 003 | CL-VaPUC | ||
| 005 | 20250321101905.0 | ||
| 008 | 000908t19860000SP |||||||||||||||||spa|d | ||
| 999 | |c 291436 |d 291434 | ||
| 020 | |a 978-84-206-7053-9 | ||
| 040 | |c Pontificia Universidad Católica de Valparaíso | ||
| 082 | 0 | 4 | |a 709.04 STA 1986 |2 21 |
| 100 | 0 | |a Stangos, Nikos |e autor |9 450280 | |
| 245 | 1 | 0 | |a Conceptos de arte moderno. |
| 250 | |a Primera edición. | ||
| 260 | |a Madrid, España: |b Alianza, |c 1986. | ||
| 300 | |a 336 páginas: |b fotografías. | ||
| 490 | 0 | |a Alianza Forma, |n 53. | |
| 500 | |a c.3-c.5.Instituto Arcos.08-01-2025. | ||
| 583 | |a last modification |c 20000908 00:00:00 |k Rodrigo Vera | ||
| 650 | 0 | |a Arte moderno |y Siglo 20 |9 265274 | |
| 650 | 0 | |a Historia del arte |9 314877 | |
| 650 | 0 | |a Arte contemporáneo |9 338008 | |
| 700 | |9 896088 |a Sánchez Blanco, Joaquín |e traductor | ||
| 942 | |c BK |2 ddc |n 0 | ||
| 945 | |d 20000908 00:00:00 |a crobeson | ||
| 952 | |0 0 |1 0 |4 0 |6 709_040000000000000_STA_1986 |7 0 |8 R |9 341273 |a BIBART |b BIBART |d 2019-11-20 |i 3518663 |o 709.04 STA 1986 |p 3518663 |r 2025-03-13 |w 2019-11-20 |y BK_R |k ART | ||
| 952 | |0 0 |1 0 |4 0 |6 709_040000000000000_STA_1986 |7 0 |8 A |9 341274 |a BIBARQ |b BIBARQ |d 2019-11-20 |i 2657309 |o 709.04 STA 1986 |p 2657309 |r 2025-01-20 |w 2019-11-20 |y BK |k ARQ | ||
| 952 | |0 0 |1 0 |2 ddc |4 0 |6 709_040000000000000_STA_1986 |7 0 |8 A |9 600287 |a BIBINC |b BIBINC |d 2025-01-31 |e Instituto Arcos |i 5665196 |o 709.04 STA 1986 |p 5665196 |r 2025-01-31 |t 3 |w 2025-01-31 |y BK |k IFP | ||
| 952 | |0 0 |1 0 |2 ddc |4 0 |6 709_040000000000000_STA_1986 |7 0 |8 A |9 600288 |a BIBINC |b BIBINC |d 2025-01-31 |e Instituto Arcos |i 5665197 |o 709.04 STA 1986 |p 5665197 |r 2025-01-31 |t 4 |w 2025-01-31 |y BK |k IFP | ||
| 952 | |0 0 |1 0 |2 ddc |4 0 |6 709_040000000000000_STA_1986 |7 0 |8 A |9 600369 |a BIBINC |b BIBINC |d 2025-02-03 |e Instituto Arcos |i 5665260 |o 709.04 STA 1986 |p 5665260 |r 2025-02-03 |t 5 |w 2025-02-03 |y BK |k IFP | ||